| 000 | 01466nas a2200373 i 4500 | ||
|---|---|---|---|
| 001 | 189824 | ||
| 003 | SpMaBN | ||
| 005 | 20250322063249.0 | ||
| 007 | t| | ||
| 008 | 191202d19211931sp w|yp | b||pa d | ||
| 022 | _a2171-7435 | ||
| 080 | _a(051) | ||
| 130 |
_aBuen humor (Madrid) _9239861 |
||
| 210 | 0 | _aBuen humor | |
| 222 | 0 | _aBuen humor | |
| 245 | 1 | 0 |
_aBuen humor : _bsemanario satírico |
| 260 |
_aMadrid : _b[Buen humor], _c1921-1931 ( _fGráficas Reunidas, S.A.) |
||
| 300 |
_av. : _bil., fot. ; _c27 cm. |
||
| 310 | _aSemanal | ||
| 362 | 0 | _aN. 1 (4 dic. 1921)- | |
| 362 | 1 | _aCesó en 1931. | |
| 530 | _aDisponible en formato digital. | ||
| 590 | 0 | _aDescripción basada en: N. 49 (5 nov. 1922) | |
| 594 | _aFundado y dirigido por el artista gráfico y caricaturista Sileno (Pedro Antonio Villahermosa y Borao) | ||
| 655 | 4 |
_9226865 _aRevistas satíricas y humorísticas |
|
| 700 | 0 |
_aSileno, _d1869-1945 _9168967 |
|
| 852 |
_aES-MaACL _jHEM-2119 _cHEM _hDonación: José María Ballester Palazón _9196967 |
||
| 856 |
_uhttps://www.memoriademadrid.es/buscador.php?accion=VerFicha&id=3418 _zMemoria de Madrid |
||
| 866 | 0 |
_o(1922 sólo n. 49)(1923-1926)(1927 sólo n. 270 y n. 309)(1928 sólo n. 320 y n. 327)(1929 sólo n. 415),(1931 sólo n. 475 y n. 486) _u |
|
| 903 |
_9239859 _aBallester Palazón, José María _ednr |
||
| 942 |
_2udc _cPERIODICA |
||
| 999 |
_c189824 _d189824 |
||